[Event "Bolzano op"]
[Site "Bolzano"]
[Date "1997.??.??"]
[Round "?"]
[White "Belotti, Bruno"]
[Black "Johansen, Darryl K"]
[Result "1/2-1/2"]
[WhiteElo "2405"]
[BlackElo "2500"]
[PlyCount "121"]
[EventDate "1997.??.??"]
[Source "ChessBase"]
[SourceDate "1999.11.18"]

1. e4 c5 2. Nf3 e6 3. d4 cxd4 4. Nxd4 a6 5. Nc3 b5 6. Bd3 Bb7 7. O-O Ne7 8. Nb3
Nec6 9. f4 Be7 10. Be3 O-O 11. a3 d6 12. Qh5 Nd7 13. Qh3 e5 14. Nd5 exf4 15.
Bxf4 Nde5 16. Qg3 Bh4 17. Qe3 Ng6 18. Bg3 Bxg3 19. Qxg3 Nce5 20. Nd4 Bxd5 21.
exd5 Qb6 22. c3 Nxd3 23. Qxd3 Qc5 24. Rad1 Qxd5 25. Nf5 Qc5+ 26. Qd4 Rad8 27.
Rf2 Qe5 28. Nxd6 Qe6 29. Rfd2 Rd7 30. Qf2 Ne5 31. h3 Rfd8 32. Nb7 Rxd2 33. Rxd2
Rxd2 34. Qxd2 h6 35. Nc5 Qg6 36. Kh2 Nc4 37. Qf2 Qd6+ 38. Kh1 Nxb2 39. Nxa6 Nd1
40. Qc2 Ne3 41. Qe2 Qd1+ 42. Qxd1 Nxd1 43. c4 bxc4 44. a4 Nb2 45. Nc5 Nd3 46.
Ne4 Kf8 47. g4 Ke7 48. Kg2 Nf4+ 49. Kf3 Nxh3 50. a5 Kd7 51. a6 Kc6 52. Nd6 Ng5+
53. Ke3 Kb6 54. Nxc4+ Kxa6 55. Nd6 Kb6 56. Nf5 Ne6 57. Ke4 f6 58. Kd5 Nf4+ 59.
Ke4 Ne6 60. Kd5 Nf4+ 61. Ke4 1/2-1/2

[Event "Bolzano op"]
[Site "Bolzano"]
[Date "1997.??.??"]
[Round "?"]
[White "Belotti, Bruno"]
[Black "Ortega, Lexy"]
[Result "0-1"]
[WhiteElo "2405"]
[BlackElo "2460"]
[PlyCount "71"]
[EventDate "1997.??.??"]
[Source "ChessBase"]
[SourceDate "1999.11.18"]

1. e4 c5 2. Nf3 d6 3. d4 cxd4 4. Nxd4 Nf6 5. Nc3 a6 6. a4 e6 7. f4 Be7 8. Bd3
Nc6 9. Nf3 b6 10. O-O Bb7 11. Kh1 Nb4 12. Qe1 O-O 13. e5 Nxd3 14. cxd3 Ng4 15.
Qe2 Nh6 16. Be3 Nf5 17. Bf2 dxe5 18. fxe5 Bc5 19. Bxc5 bxc5 20. Ne4 Nd4 21.
Nxd4 Qxd4 22. Nd6 Rab8 23. Rac1 Ba8 24. Rf2 f5 25. Rc4 Qd5 26. Qe3 Rb3 27. Rc3
Rxc3 28. bxc3 Qb3 29. Qc1 Qxa4 30. h3 Qh4 31. Kg1 Qg3 32. d4 h6 33. Qb2 cxd4
34. cxd4 Bd5 35. Kf1 f4 36. Rc2 0-1

[Event "Bolzano op"]
[Site "Bolzano"]
[Date "1997.??.??"]
[Round "?"]
[White "Belotti, Bruno"]
[Black "Zelcic, Robert"]
[Result "1-0"]
[WhiteElo "2405"]
[BlackElo "2455"]
[PlyCount "89"]
[EventDate "1997.??.??"]
[Source "ChessBase"]
[SourceDate "1999.11.18"]

1. e4 e6 2. d3 d5 3. Nd2 e5 4. Ngf3 Bd6 5. d4 exd4 6. exd5 c5 7. Bb5+ Bd7 8.
Qe2+ Ne7 9. Ne4 Qb6 10. Nfd2 Be5 11. Bd3 Ng6 12. Nc4 Qc7 13. Ned6+ Kf8 14. Nxf7
Kxf7 15. Bxg6+ hxg6 16. Nxe5+ Kg8 17. Bf4 Na6 18. O-O Re8 19. Rfe1 Kh7 20. Qd2
Qc8 21. Nf7 Rxe1+ 22. Rxe1 Re8 23. Nd6 Rxe1+ 24. Qxe1 Qf8 25. Bg3 Nb4 26. Qe4
Bf5 27. Nxf5 gxf5 28. Qe6 Nxc2 29. Bd6 Qf6 30. Qxf6 gxf6 31. Bxc5 d3 32. Kf1 b6
33. Be3 Kg6 34. h4 Nb4 35. d6 Nc6 36. Ke1 Ne5 37. b3 Kf7 38. Kd2 Ke6 39. h5
Kxd6 40. Bf4 Ke6 41. Bxe5 fxe5 42. Kxd3 b5 43. f3 Kf6 44. g4 e4+ 45. Ke3 1-0

[Event "Bolzano op"]
[Site "Bolzano"]
[Date "1997.??.??"]
[Round "?"]
[White "Blum, Gernot"]
[Black "Farago, Ivan"]
[Result "1/2-1/2"]
[WhiteElo "2130"]
[BlackElo "2470"]
[PlyCount "73"]
[EventDate "1997.??.??"]
[Source "ChessBase"]
[SourceDate "1999.11.18"]

1. c4 Nf6 2. Nc3 e5 3. Nf3 Nc6 4. a3 g6 5. g3 Bg7 6. Bg2 O-O 7. O-O d6 8. d3 h6
9. Rb1 Be6 10. h3 Qd7 11. Kh2 Rac8 12. b4 e4 13. b5 exf3 14. bxc6 bxc6 15. exf3
d5 16. Qa4 dxc4 17. dxc4 Qd3 18. Bb2 Qxc4 19. Qxa7 Ra8 20. Qxc7 Rfb8 21. Nd1
Ne8 22. Qe7 Bf8 23. Qh4 Qxh4 24. gxh4 Bxa3 25. f4 Bd5 26. Ra1 Bxb2 27. Rxa8
Rxa8 28. Nxb2 Ra2 29. Nd3 Rd2 30. Ne5 Rc2 31. Bxd5 cxd5 32. Rd1 Nf6 33. Ng4
Nxg4+ 34. hxg4 Rc5 35. g5 h5 36. Re1 Kf8 37. Re5 1/2-1/2

[Event "Bolzano op"]
[Site "Bolzano"]
[Date "1997.??.??"]
[Round "?"]
[White "Borgo, Giulio"]
[Black "Khenkin, Igor"]
[Result "1/2-1/2"]
[WhiteElo "2390"]
[BlackElo "2575"]
[PlyCount "105"]
[EventDate "1997.??.??"]
[Source "ChessBase"]
[SourceDate "1999.11.18"]

1. e4 c6 2. d4 d5 3. Nd2 dxe4 4. Nxe4 Bf5 5. Nc5 b6 6. Nb3 e6 7. Bd3 Bxd3 8.
Qxd3 Nf6 9. Nf3 Bd6 10. O-O Nbd7 11. Bg5 Qc7 12. Rad1 O-O 13. Rfe1 Rfd8 14. Qe2
Bf4 15. Bxf4 Qxf4 16. Rd2 a5 17. a4 Nd5 18. Red1 Re8 19. Nc1 Qc7 20. Nd3 b5 21.
Nde5 bxa4 22. Nxd7 Qxd7 23. Ne5 Qb7 24. c4 Nb4 25. Ra1 Qc7 26. Rxa4 Rad8 27.
Ra1 Rd6 28. Nf3 Rd7 29. Ne5 Rd6 30. Nf3 Ra8 31. Qe5 Rd7 32. Qc5 Rdd8 33. g3 h6
34. Kg2 Qa7 35. Qe5 Qb6 36. h4 a4 37. Re1 Ra5 38. Qe4 Ra7 39. Re3 Rad7 40. Qe5
Qa7 41. Qf4 c5 42. Re4 cxd4 43. Rexd4 Rxd4 44. Nxd4 Qc5 45. Nxe6 Qc6+ 46. Kg1
Re8 47. Rd6 Qb7 48. Rd8 Rxd8 49. Nxd8 Qe7 50. Qd4 Nc2 51. Qd5 Nb4 52. Qd4 Nc2
53. Qd5 1/2-1/2

[Event "Bolzano op"]
[Site "Bolzano"]
[Date "1997.??.??"]
[Round "?"]
[White "Espig, Lutz"]
[Black "Sedina, Elena"]
[Result "0-1"]
[WhiteElo "2405"]
[BlackElo "2400"]
[PlyCount "44"]
[EventDate "1997.??.??"]
[Source "ChessBase"]
[SourceDate "1999.11.18"]

1. Nf3 Nf6 2. c4 c6 3. d4 d5 4. cxd5 cxd5 5. Nc3 Nc6 6. Bf4 Bf5 7. e3 e6 8. Bb5
Nd7 9. Qb3 Be7 10. O-O O-O 11. Rfc1 Rc8 12. Bxc6 bxc6 13. Qb7 a5 14. a3 Bd3 15.
b4 g5 16. Bg3 f5 17. bxa5 f4 18. exf4 gxf4 19. Bh4 Bxh4 20. Nxh4 Rc7 21. Qb4 c5
22. dxc5 Qxh4 0-1

[Event "Bolzano op"]
[Site "Bolzano"]
[Date "1997.??.??"]
[Round "?"]
[White "Farago, Ivan"]
[Black "Manca, Federico"]
[Result "1/2-1/2"]
[WhiteElo "2470"]
[BlackElo "2350"]
[PlyCount "47"]
[EventDate "1997.??.??"]
[Source "ChessBase"]
[SourceDate "1999.11.18"]

1. d4 Nf6 2. c4 e6 3. Nf3 Bb4+ 4. Bd2 Bxd2+ 5. Qxd2 d6 6. Nc3 Nbd7 7. g3 e5 8.
Bg2 O-O 9. O-O a5 10. dxe5 dxe5 11. Rfd1 Re8 12. Ng5 Ra6 13. Nb5 e4 14. Qf4 h6
15. Nxe4 Nxe4 16. Bxe4 Rf6 17. Qe3 Rfe6 18. f3 c6 19. Nd4 Qb6 20. Qf2 Rxe4 21.
fxe4 Nf6 22. Nb3 Qc7 23. Nd2 Qe5 24. b3 1/2-1/2

[Event "Bolzano op"]
[Site "Bolzano"]
[Date "1997.??.??"]
[Round "?"]
[White "Johansen, Darryl K"]
[Black "Manca, Federico"]
[Result "1-0"]
[WhiteElo "2500"]
[BlackElo "2350"]
[PlyCount "96"]
[EventDate "1997.??.??"]
[Source "ChessBase"]
[SourceDate "1999.11.18"]

1. c4 e5 2. g3 Nf6 3. Bg2 d5 4. cxd5 Nxd5 5. Nc3 Nb6 6. Nf3 Nc6 7. O-O Be7 8.
a3 g5 9. b4 g4 10. Ne1 h5 11. e3 a6 12. d4 Bf5 13. d5 Na7 14. e4 Bg6 15. Nd3
Bf6 16. Nc5 Rb8 17. a4 Nac8 18. a5 Nd7 19. h4 Nd6 20. Qa4 Ke7 21. Ra2 b6 22.
Nxa6 Ra8 23. b5 Kf8 24. axb6 Nxb6 25. Qb3 Nbc4 26. Ra4 Nb6 27. Ra2 Nbc4 28. Re1
Kg7 29. Bf1 Nb6 30. Ba3 Rg8 31. Nb4 Kh8 32. Nc6 Qd7 33. Bb2 Raf8 34. Bg2 Bg7
35. Na4 Nxa4 36. Rxa4 Re8 37. Ra7 f5 38. exf5 Qxf5 39. Rxc7 Rgf8 40. Rf1 Qd3
41. Qxd3 Bxd3 42. Ra1 Bxb5 43. Rxg7 Kxg7 44. Bxe5+ Rxe5 45. Nxe5 Re8 46. Nc6
Kf6 47. Nd4 Bc4 48. Ne6 Bb3 1-0

[Event "Bolzano op"]
[Site "Bolzano"]
[Date "1997.??.??"]
[Round "?"]
[White "Khenkin, Igor"]
[Black "Voltolini, Giuseppe"]
[Result "1-0"]
[WhiteElo "2575"]
[BlackElo "2250"]
[PlyCount "35"]
[EventDate "1997.??.??"]
[Source "ChessBase"]
[SourceDate "1999.11.18"]

1. d4 f5 2. g3 g6 3. Bg2 Bg7 4. c3 Nf6 5. Nd2 d5 6. Nh3 O-O 7. Nf4 Qd6 8. h4 e5
9. dxe5 Qxe5 10. h5 gxh5 11. Bxd5+ Kh8 12. Nf3 Qe8 13. Be3 Na6 14. Bd4 c6 15.
Bb3 b6 16. Ng5 Rb8 17. e3 Nc5 18. Nxh5 1-0

[Event "Bolzano op"]
[Site "Bolzano"]
[Date "1997.??.??"]
[Round "?"]
[White "Komljenovic, Davor"]
[Black "Borgo, Giulio"]
[Result "0-1"]
[WhiteElo "2460"]
[BlackElo "2390"]
[PlyCount "99"]
[EventDate "1997.??.??"]
[Source "ChessBase"]
[SourceDate "1999.11.18"]

1. d4 Nf6 2. Nf3 e6 3. c4 d5 4. Nc3 c6 5. Bg5 Nbd7 6. cxd5 exd5 7. e3 Qa5 8.
Nd2 Ne4 9. Ndxe4 dxe4 10. Bh4 Bb4 11. Qc2 Nb6 12. a3 Nd5 13. Rc1 Bxc3+ 14. bxc3
O-O 15. Be2 Qxa3 16. O-O Bf5 17. c4 Nb4 18. Qd2 Qa2 19. Qxb4 Qxe2 20. Qxb7 Rfc8
21. d5 cxd5 22. c5 a5 23. Qxd5 Qg4 24. Bg3 Be6 25. Qd6 a4 26. c6 a3 27. c7 a2
28. Be5 h6 29. Ba1 Ra5 30. h3 Qg6 31. Kh1 Rd5 32. Qf4 Rf5 33. Qxe4 Rxf2 34.
Qxg6 Rxf1+ 35. Rxf1 fxg6 36. Be5 Bf5 37. Ra1 Bb1 38. Kg1 Kf7 39. Kf2 Ke6 40.
Bh2 g5 41. e4 Kd7 42. Be5 g6 43. Kg3 Ke6 44. Bg7 h5 45. Bh6 Kf6 46. Kf3 Rxc7
47. e5+ Kxe5 48. Bxg5 Rc3+ 49. Kf2 Kf5 50. h4 0-1

[Event "Bolzano op"]
[Site "Bolzano"]
[Date "1997.??.??"]
[Round "?"]
[White "Ljubisavljevic, Zivojin Z"]
[Black "Belotti, Bruno"]
[Result "0-1"]
[WhiteElo "2275"]
[BlackElo "2405"]
[PlyCount "92"]
[EventDate "1997.??.??"]
[Source "ChessBase"]
[SourceDate "1999.11.18"]

1. e4 c5 2. c4 Nc6 3. Nc3 g6 4. f4 Bg7 5. Nf3 d6 6. d3 e6 7. Be2 Nge7 8. O-O
O-O 9. Qe1 f5 10. Bd2 b6 11. Qh4 Qd7 12. Rae1 Bb7 13. a3 Nd4 14. Bd1 Nec6 15.
exf5 gxf5 16. Ng5 h6 17. Nf3 Kh7 18. Qh3 Nxf3+ 19. Bxf3 Rg8 20. b3 Nd4 21. Bxb7
Qxb7 22. Nb5 Nxb3 23. Rxe6 Nxd2 24. Nxd6 Bd4+ 25. Kh1 Qxg2+ 26. Qxg2 Rxg2 27.
Kxg2 Rg8+ 28. Kh3 Nxf1 29. Nxf5 Rf8 30. Rxh6+ Kg8 31. Rg6+ Kf7 32. Rh6 Ne3 33.
Nxd4 cxd4 34. Rh7+ Kg6 35. Rxa7 Rxf4 36. Kg3 Rf1 37. Ra6 Nf5+ 38. Kg2 Rd1 39.
Rxb6+ Kg5 40. Rb3 Kg4 41. Rb2 Rxd3 42. Ra2 Rc3 43. Kf2 Kf4 44. a4 d3 45. Ke1
Ke3 46. Ra1 d2+ 0-1

[Event "Bolzano op"]
[Site "Bolzano"]
[Date "1997.??.??"]
[Round "?"]
[White "Manca, Federico"]
[Black "Sarno, Spartaco"]
[Result "1-0"]
[WhiteElo "2350"]
[BlackElo "2430"]
[PlyCount "109"]
[EventDate "1997.??.??"]
[Source "ChessBase"]
[SourceDate "1999.11.18"]

1. e4 d6 2. d4 Nf6 3. Nc3 g6 4. Be3 Bg7 5. h3 O-O 6. Nf3 a6 7. Bd3 b5 8. Ne2
Bb7 9. Ng3 Nbd7 10. O-O c5 11. c3 e5 12. d5 Nb6 13. Qd2 Kh8 14. b3 Ng8 15. a4
bxa4 16. bxa4 Qc7 17. a5 Nd7 18. Qe2 Ne7 19. Ra4 Bc8 20. Nh2 Rb8 21. Qd2 Qd8
22. Bh6 Bxh6 23. Qxh6 Ng8 24. Qd2 Qh4 25. Nf3 Qd8 26. Qe2 Ra8 27. Nd2 Ngf6 28.
Nc4 Ne8 29. Ra2 Qe7 30. Rb2 Ra7 31. Nb6 Nc7 32. Rfb1 Nf6 33. Nxc8 Rxc8 34. Rb7
Rca8 35. Nf1 Nh5 36. g3 Qd7 37. Qg4 Qxg4 38. hxg4 Nf6 39. g5 Nfe8 40. Ne3 Kg7
41. f4 exf4 42. gxf4 h5 43. gxh6+ Kxh6 44. e5 Nb5 45. Rxa7 Rxa7 46. Bxb5 axb5
47. Rxb5 Nc7 48. Rb8 dxe5 49. fxe5 Kg5 50. d6 Ne6 51. Nc4 Kf5 52. Re8 Ke4 53.
Re7 Ra8 54. d7 Rb8 55. Re8 1-0

[Event "Bolzano op"]
[Site "Bolzano"]
[Date "1997.??.??"]
[Round "?"]
[White "Manca, Federico"]
[Black "Zelcic, Robert"]
[Result "1-0"]
[WhiteElo "2350"]
[BlackElo "2455"]
[PlyCount "117"]
[EventDate "1997.??.??"]
[Source "ChessBase"]
[SourceDate "1999.11.18"]

1. e4 d5 2. exd5 Nf6 3. d4 Nxd5 4. c4 Nb6 5. Nf3 Bg4 6. Be2 e6 7. O-O Be7 8.
Be3 O-O 9. Ne5 Bf5 10. Nc3 N8d7 11. f4 Nxe5 12. fxe5 Bg6 13. d5 Nd7 14. Bf4 c6
15. Kh1 cxd5 16. cxd5 exd5 17. Nxd5 Nc5 18. Nxe7+ Qxe7 19. Qd6 Rfe8 20. Rac1
Qxd6 21. exd6 Rxe2 22. Rxc5 Rd8 23. Rfc1 Ree8 24. Rc7 h6 25. Rxb7 Re4 26. Bg3
Re2 27. Re7 Rd2 28. h3 Kh7 29. Rcc7 a5 30. d7 f6 31. Be1 Rd1 32. Kh2 Bf5 33.
Bxa5 R8xd7 34. Bc3 Rxe7 35. Rxe7 Kg6 36. a4 Rd7 37. Re3 h5 38. a5 h4 39. Be1
Kg5 40. b4 Rd3 41. Re7 Rd7 42. Re2 Bd3 43. Re3 Bb5 44. Re4 Kf5 45. Rxh4 Rd1 46.
Bc3 Rd3 47. Rd4 Rxd4 48. Bxd4 Ke6 49. h4 Be2 50. Kg3 Kf5 51. Kf2 Ba6 52. g3 Kg4
53. Bc3 Kf5 54. Kf3 Ke6 55. h5 Bb5 56. Kf4 Ba6 57. Bd4 Bb5 58. Bc5 f5 59. Bd4
1-0

[Event "Bolzano op"]
[Site "Bolzano"]
[Date "1997.??.??"]
[Round "?"]
[White "Ortega, Lexy"]
[Black "De Eccher, Stefano"]
[Result "1-0"]
[WhiteElo "2460"]
[BlackElo "2280"]
[PlyCount "101"]
[EventDate "1997.??.??"]
[Source "ChessBase"]
[SourceDate "1999.11.18"]

1. d4 f5 2. Nc3 Nf6 3. Bg5 e6 4. e4 fxe4 5. Nxe4 Be7 6. Bxf6 Bxf6 7. Nf3 Nc6 8.
c3 b6 9. Bd3 Qe7 10. Nxf6+ Qxf6 11. Qe2 Qe7 12. Be4 Bb7 13. Ne5 Nxe5 14. Bxb7
Rb8 15. dxe5 Rxb7 16. Qa6 Rb8 17. Qxa7 Rc8 18. O-O Qc5 19. Qb7 O-O 20. Qe4 Rf5
21. Qd4 Qxd4 22. cxd4 Ra8 23. a4 Rf4 24. Rfd1 c5 25. g3 Rxd4 26. Rxd4 cxd4 27.
Kf1 d6 28. exd6 Rd8 29. b4 Rxd6 30. a5 bxa5 31. bxa5 Ra6 32. f4 e5 33. fxe5 Kf7
34. Ke2 Ke6 35. Kd3 Kd5 36. e6 Rxe6 37. a6 Re3+ 38. Kd2 Re8 39. a7 Ra8 40. Kd3
Kc5 41. h4 Kb6 42. h5 Kb7 43. g4 Kb6 44. g5 Kb7 45. Rf1 Rg8 46. Rf7+ Ka8 47.
Rd7 h6 48. g6 Re8 49. Rxg7 Re3+ 50. Kd2 Rd3+ 51. Ke2 1-0

[Event "Bolzano op"]
[Site "Bolzano"]
[Date "1997.??.??"]
[Round "?"]
[White "Ortega, Lexy"]
[Black "Jurkovic, Ante"]
[Result "1-0"]
[WhiteElo "2460"]
[BlackElo "2320"]
[PlyCount "81"]
[EventDate "1997.??.??"]
[Source "ChessBase"]
[SourceDate "1999.11.18"]

1. d4 Nf6 2. Nf3 g6 3. c4 Bg7 4. g3 O-O 5. Bg2 d6 6. O-O c6 7. Nc3 Qa5 8. Nd2
Qh5 9. e3 Bg4 10. Qb3 b6 11. a4 Bh3 12. f3 Nbd7 13. Nde4 Nxe4 14. Nxe4 Bxg2 15.
Kxg2 f5 16. Nf2 e5 17. Qd1 Nf6 18. a5 b5 19. cxb5 cxb5 20. Bd2 a6 21. Rc1 Rac8
22. Qb3+ Kh8 23. Rxc8 Rxc8 24. Qe6 Rc2 25. Rc1 Rxc1 26. Bxc1 e4 27. fxe4 fxe4
28. g4 Qh4 29. Nxe4 h5 30. Nxf6 Bxf6 31. h3 hxg4 32. hxg4 Kg7 33. Bd2 Qg5 34.
Bb4 d5 35. Bd6 Qh4 36. Qd7+ Kh8 37. Bg3 Qh6 38. Qc8+ Kh7 39. Qxa6 Qxe3 40. Qxf6
Qe2+ 41. Kh3 1-0

[Event "Bolzano op"]
[Site "Bolzano"]
[Date "1997.??.??"]
[Round "?"]
[White "Ortega, Lexy"]
[Black "Manca, Federico"]
[Result "1/2-1/2"]
[WhiteElo "2460"]
[BlackElo "2350"]
[PlyCount "114"]
[EventDate "1997.??.??"]
[Source "ChessBase"]
[SourceDate "1999.11.18"]

1. d4 Nf6 2. Nf3 e6 3. Bf4 c5 4. e3 Nc6 5. Nbd2 d5 6. c3 Bd6 7. Bg3 Bxg3 8.
hxg3 Qd6 9. Bd3 Bd7 10. Qe2 O-O-O 11. Bb5 Kb8 12. Bxc6 Bxc6 13. Ne5 Rdf8 14.
O-O-O Nd7 15. Nxd7+ Bxd7 16. dxc5 Qxc5 17. Qg4 g6 18. Qf4+ Ka8 19. Ne4 Qa5 20.
Nf6 Bb5 21. a3 h5 22. Qb4 Qa6 23. e4 dxe4 24. Nxe4 Bc6 25. Nc5 Qb6 26. Qxb6
axb6 27. Nd7 Rd8 28. Ne5 Bxg2 29. Nxf7 Rxd1+ 30. Rxd1 Rf8 31. Rd8+ Rxd8 32.
Nxd8 g5 33. Nxe6 h4 34. Nxg5 h3 35. Nxh3 Bxh3 36. Kd2 Kb8 37. Ke3 Kc7 38. Kf4
Kd6 39. g4 Kd5 40. Kf5 b5 41. f4 Kd6 42. Kg5 Ke6 43. f5+ Kf7 44. Kf4 Bf1 45.
Ke5 Be2 46. g5 Bd3 47. f6 Bc4 48. Kd4 Kg6 49. a4 Kxg5 50. axb5 Bb3 51. Kc5 Kxf6
52. Kb6 Bd5 53. b3 Ke5 54. c4 Bf3 55. c5 Kd4 56. b4 Kc4 57. Ka5 Be4 1/2-1/2

[Event "Bolzano op"]
[Site "Bolzano"]
[Date "1997.??.??"]
[Round "?"]
[White "Rossi, Carlo"]
[Black "Khenkin, Igor"]
[Result "1-0"]
[WhiteElo "2320"]
[BlackElo "2575"]
[PlyCount "47"]
[EventDate "1997.??.??"]
[Source "ChessBase"]
[SourceDate "1999.11.18"]

1. e4 c6 2. d3 d5 3. Nd2 e5 4. Ngf3 Bd6 5. Be2 Nf6 6. O-O O-O 7. d4 dxe4 8.
Nxe5 Bc7 9. Ndc4 c5 10. dxc5 Qe7 11. Qd4 Rd8 12. Nd6 Be6 13. Rd1 h6 14. b4 Nd5
15. Bb2 Nf4 16. Bf1 Qg5 17. Kh1 f6 18. Qxe4 fxe5 19. Bxe5 Ng6 20. f4 Qh5 21.
Bc3 Nf8 22. Qxb7 Nbd7 23. Qxc7 Bd5 24. Rxd5 1-0

[Event "Bolzano op"]
[Site "Bolzano"]
[Date "1997.??.??"]
[Round "?"]
[White "Rossi, Carlo"]
[Black "Sarno, Spartaco"]
[Result "0-1"]
[WhiteElo "2320"]
[BlackElo "2430"]
[PlyCount "106"]
[EventDate "1997.??.??"]
[Source "ChessBase"]
[SourceDate "1999.11.18"]

1. d4 d6 2. Bg5 Nd7 3. Nd2 Ngf6 4. e3 e6 5. Bd3 Be7 6. c3 c5 7. Ngf3 b6 8. O-O
O-O 9. Qe2 Bb7 10. Rfd1 cxd4 11. exd4 a6 12. a4 Re8 13. Bh4 Nf8 14. Bg3 Ng6 15.
Ng5 Bf8 16. h4 Nd5 17. c4 Nf6 18. h5 Ne7 19. Nxe6 fxe6 20. Qxe6+ Kh8 21. Qf7
Qd7 22. h6 Neg8 23. hxg7+ Bxg7 24. Qxd7 Nxd7 25. Bf5 Nf8 26. Nf3 Nh6 27. Bh3
Nf7 28. Ra3 Be4 29. a5 bxa5 30. Rxa5 Kg8 31. b4 Ne6 32. d5 Bxf3 33. gxf3 Nd4
34. Bg4 Ne2+ 35. Kg2 Nxg3 36. fxg3 Bc3 37. Ra4 Rab8 38. Be6 Bxb4 39. Rxa6 Kf8
40. f4 Bc5 41. Rh1 Rb2+ 42. Kf3 Re7 43. g4 Kg7 44. g5 h6 45. gxh6+ Nxh6 46. Ra8
Reb7 47. f5 R7b3+ 48. Kf4 Rf2+ 49. Kg5 Rg3+ 50. Kh5 Rgg2 51. f6+ Kxf6 52. Rh3
Nf7 53. Bg4 Rf5+ 0-1

[Event "Bolzano op"]
[Site "Bolzano"]
[Date "1997.??.??"]
[Round "?"]
[White "Sarno, Spartaco"]
[Black "Klundt, Klaus"]
[Result "1/2-1/2"]
[WhiteElo "2430"]
[BlackElo "2370"]
[PlyCount "59"]
[EventDate "1997.??.??"]
[Source "ChessBase"]
[SourceDate "1999.11.18"]

1. c4 Nf6 2. Nf3 g6 3. g3 Bg7 4. Bg2 O-O 5. O-O d6 6. Nc3 Nc6 7. d3 e5 8. Rb1
a5 9. a3 Nd4 10. Nd2 c6 11. e3 Nf5 12. Nde4 Ne7 13. Nxf6+ Bxf6 14. b4 axb4 15.
axb4 Bg7 16. Qb3 Bf5 17. Rd1 Qd7 18. b5 Rfd8 19. Ba3 c5 20. Bb2 h6 21. Na4 Qc7
22. Ra1 Be6 23. Nc3 Qd7 24. Rxa8 Rxa8 25. Ra1 Rxa1+ 26. Bxa1 Kh7 27. Qa2 f5 28.
Bb2 h5 29. h4 b6 30. Kh2 1/2-1/2

[Event "Bolzano op"]
[Site "Bolzano"]
[Date "1997.??.??"]
[Round "?"]
[White "Voltolini, Giuseppe"]
[Black "Komljenovic, Davor"]
[Result "1-0"]
[WhiteElo "2250"]
[BlackElo "2460"]
[PlyCount "72"]
[EventDate "1997.??.??"]
[Source "ChessBase"]
[SourceDate "1999.11.18"]

1. e4 c5 2. Nf3 d6 3. d4 cxd4 4. Nxd4 Nf6 5. Nc3 g6 6. Be2 Bg7 7. O-O O-O 8.
Be3 Nc6 9. Nb3 Be6 10. f4 Qc8 11. Kh1 Rd8 12. Bf3 Bg4 13. Nd5 Bxf3 14. Qxf3
Nxd5 15. exd5 Nb4 16. c3 Nc2 17. Rad1 Nxe3 18. Qxe3 Re8 19. Qd3 Qd7 20. Nd4
Rac8 21. a3 Rc5 22. Nf3 Qb5 23. Qd2 Bh6 24. Ng5 Qd7 25. Qe2 Qb5 26. Qd2 Qa4 27.
Qe2 Qb3 28. Nxf7 Kxf7 29. Qe6+ Kg7 30. f5 gxf5 31. Rd3 Bg5 32. Rg3 Kh8 33. h4
Qxb2 34. Rgf3 Rcc8 35. hxg5 Rg8 36. Qxe7 Rce8 1-0

[Event "Bolzano op"]
[Site "Bolzano"]
[Date "2000.07.15"]
[Round "1"]
[White "De Eccher, Stefano"]
[Black "Banikas, Hristos"]
[Result "0-1"]
[WhiteElo "2256"]
[BlackElo "2535"]
[PlyCount "128"]
[EventDate "2000.07.15"]
[Source "ChessBase"]
[SourceDate "1999.11.18"]

1. e4 c5 2. Nf3 Nc6 3. d4 cxd4 4. Nxd4 Qc7 5. Nc3 e6 6. g3 a6 7. Bg2 d6 8. O-O
Bd7 9. Re1 Be7 10. Be3 Nf6 11. Qe2 O-O 12. Rad1 Rfe8 13. h3 b5 14. Nxc6 Bxc6
15. a3 Qb7 16. Bc1 a5 17. f4 b4 18. axb4 axb4 19. Nb1 d5 20. Nd2 dxe4 21. Nxe4
Rec8 22. c4 Nxe4 23. Bxe4 Bxe4 24. Qxe4 Qxe4 25. Rxe4 Ra1 26. Kf1 Bf6 27. Ke2
Rb1 28. c5 Bxb2 29. Bd2 Rxd1 30. Kxd1 b3 31. Rb4 h6 32. Rxb3 Bd4 33. Rd3 Bxc5
34. Rc3 Rc7 35. Ke2 f6 36. Be3 Bd6 37. Rxc7 Bxc7 38. g4 f5 39. Kf3 Kf7 40. Bd2
Kg6 41. Bc3 Bd6 42. Bd4 Be7 43. Bc3 Bf6 44. Bb4 Bd4 45. Be7 Bb6 46. Bb4 Bd4 47.
Be7 Kf7 48. Bb4 Kf6 49. Bf8 Bc3 50. Bc5 Bb2 51. Bb4 Bd4 52. Bf8 h5 53. gxh5 Kf7
54. Bb4 Kg8 55. h6 g6 56. Kg3 Bb2 57. Be7 Kh7 58. Bf8 Bc1 59. h4 Bb2 60. Be7
Kxh6 61. Bg5+ Kg7 62. Kf3 Bf6 63. Kg3 Bxg5 64. hxg5 Kf7 0-1

[Event "Bolzano op"]
[Site "Bolzano"]
[Date "2000.07.15"]
[Round "1"]
[White "Godena, Michele"]
[Black "Astengo, Marcello"]
[Result "1-0"]
[WhiteElo "2487"]
[BlackElo "2032"]
[PlyCount "83"]
[EventDate "2000.07.15"]
[Source "ChessBase"]
[SourceDate "1999.11.18"]

1. e4 e6 2. d4 d5 3. Nd2 Nf6 4. e5 Nfd7 5. Bd3 c5 6. c3 Nc6 7. Ne2 Qb6 8. Nf3
cxd4 9. cxd4 f6 10. exf6 Nxf6 11. O-O Bd6 12. Bd2 O-O 13. Bc3 Bd7 14. Qd2 Rae8
15. Ng3 Qc7 16. Rae1 Bf4 17. Qc2 Re7 18. Ne5 Be8 19. Re2 Qb6 20. Rd1 Kh8 21.
Nxc6 Bxc6 22. a3 Bd6 23. Rde1 Qc7 24. Rxe6 Rxe6 25. Rxe6 Ng4 26. Bf5 Nf6 27.
Rxd6 Qxd6 28. Bb4 Qd8 29. Bxf8 Qxf8 30. Qe2 Qe8 31. Qe5 Qxe5 32. dxe5 Ne8 33.
Ne2 g6 34. Bc8 Kg7 35. Nd4 Kf7 36. Nxc6 bxc6 37. Bb7 Ke6 38. Bxc6 Nc7 39. f4
Na6 40. b4 Nb8 41. b5 d4 42. Kf2 1-0

[Event "Bolzano op"]
[Site "Bolzano"]
[Date "2000.07.15"]
[Round "1"]
[White "Gyimesi, Zoltan"]
[Black "Schacher, Gerd"]
[Result "1-0"]
[WhiteElo "2518"]
[BlackElo "2245"]
[PlyCount "103"]
[EventDate "2000.07.15"]
[Source "ChessBase"]
[SourceDate "1999.11.18"]

1. d4 Nf6 2. c4 c5 3. d5 b5 4. cxb5 a6 5. bxa6 g6 6. Nc3 Bxa6 7. e4 Bxf1 8.
Kxf1 d6 9. Nf3 Bg7 10. g3 O-O 11. Kg2 Nbd7 12. Re1 Nb6 13. h3 Qd7 14. Bg5 Qb7
15. Re2 h6 16. Bxf6 Bxf6 17. Qd2 Kh7 18. b3 Nd7 19. Rc1 Ra7 20. Nd1 Ne5 21. Ne1
c4 22. bxc4 Rc8 23. Ne3 Ra4 24. Qd1 Qa6 25. Rec2 Rxa2 26. Qe2 Rxc2 27. Rxc2 Ra8
28. Ng4 Nxg4 29. hxg4 Qa1 30. Nd3 Ra3 31. c5 dxc5 32. Nxc5 Qb1 33. Nd3 Bd4 34.
Nc1 Ra1 35. Qc4 Bg7 36. Qb3 Qxb3 37. Nxb3 Ra3 38. Nd2 Bd4 39. Nf3 Bc3 40. Re2
Bb4 41. Ne5 Kg7 42. Nc6 Rb3 43. Rc2 Ba3 44. Rc4 Rb2 45. Rc3 Bb4 46. Rf3 f6 47.
Nd4 Ba5 48. Rb3 Ra2 49. Rb7 Bc3 50. Nc6 Be1 51. Kf1 Bxf2 52. d6 1-0

[Event "Bolzano op"]
[Site "Bolzano"]
[Date "2000.07.15"]
[Round "1"]
[White "Khenkin, Igor"]
[Black "Baquero, Luis A"]
[Result "1-0"]
[WhiteElo "2622"]
[BlackElo "2303"]
[PlyCount "74"]
[EventDate "2000.07.15"]
[Source "ChessBase"]
[SourceDate "1999.11.18"]

1. d4 Nf6 2. c4 e6 3. Nf3 b6 4. a3 Ba6 5. Qc2 c5 6. d5 exd5 7. cxd5 g6 8. Nc3
Bg7 9. g3 O-O 10. Bg2 d6 11. O-O b5 12. Re1 Re8 13. e4 Nbd7 14. Bf4 Nb6 15. Bf1
Qd7 16. a4 Nh5 17. axb5 Nxf4 18. bxa6 Qg4 19. Nd2 Nh3+ 20. Kg2 Nf4+ 21. Kh1 Nh3
22. f3 Qh5 23. Nb5 Be5 24. Bxh3 Qxh3 25. f4 Qd7 26. fxe5 Qxb5 27. exd6 Rad8 28.
Qb3 Qxb3 29. Nxb3 c4 30. Na5 Rxd6 31. Nc6 Rd7 32. Kg2 Kf8 33. g4 f5 34. gxf5
gxf5 35. Rf1 Rxe4 36. Rxf5+ Kg7 37. Kf3 Re8 1-0

[Event "Bolzano op"]
[Site "Bolzano"]
[Date "2000.07.15"]
[Round "1"]
[White "Kowalczyk, Martin"]
[Black "Rotstein, Arkadij"]
[Result "0-1"]
[WhiteElo "2120"]
[BlackElo "2441"]
[PlyCount "40"]
[EventDate "2000.07.15"]
[Source "ChessBase"]
[SourceDate "1999.11.18"]

1. e4 c5 2. Nf3 e6 3. b3 a6 4. Bb2 Nc6 5. e5 Nge7 6. c3 d6 7. exd6 Nf5 8. Be2
Bxd6 9. O-O O-O 10. Na3 b5 11. Nc2 Bb7 12. Ne3 Qf6 13. Qc2 Ne5 14. c4 Bxf3 15.
gxf3 Nd4 16. Bxd4 cxd4 17. Ng2 d3 18. Bxd3 Nxf3+ 19. Kh1 Qe5 20. Bxh7+ Kh8 0-1